Villes de banlieue desservies par le métro parisien - Statistiques

Statistiques générales
  • Ce quiz a été pris 629 fois
    63 depuis la dernière actualisation
  • Le résultat moyen est 27 sur 40
Statistiques - réponses
Lignes Commune desservie % Correct
13 Saint-Denis
88%
14 Saint-Denis
88%
9 Montreuil
84%
11 Montreuil
84%
1 Vincennes
84%
8 Créteil
81%
12 Issy-les-Moulineaux
81%
13 Saint-Ouen
79%
14 Saint-Ouen
79%
4 Bagneux
78%
5 Bobigny
78%
4 Montrouge
78%
7 Aubervilliers
76%
12 Aubervilliers
76%
9 Boulogne-Billancourt
74%
10 Boulogne-Billancourt
74%
7 Villejuif
74%
14 Villejuif
74%
3 Levallois-Perret
72%
1 Neuilly-sur-Seine
71%
3 Bagnolet
69%
13 Clichy
67%
7 Ivry-sur-Seine
67%
7 La Courneuve
67%
5 Pantin
67%
7 Le Kremlin-Bicêtre
66%
11 Les Lilas
62%
1 Saint-Mandé
62%
11 Rosny-sous-Bois
60%
8 Maisons-Alfort
57%
1 Puteaux
57%
13 Asnières-sur-Seine
53%
13 Malakoff
53%
13 Châtillon
52%
8 Charenton-le-Pont
48%
14 Thiais
48%
11 Romainville
43%
14 Chevilly-Larue
33%
14 L'Haÿ-les-Roses
31%
14 Paray-Vieille-Poste
16%
Aucun quiz correspondant
Distribution des résultats
% des personnes avec chaque résultat
Percentile par nombre de réponses
Votre historique - résultats
Vous n’avez pas pris ce quiz depuis la dernière actualisation